La jeune femme colère : comédie en un acte et en prose /

Bibliographic Details
Main Author: Étienne, Charles-Guillaume, 1777-1845
Corporate Authors: Théâtre Louvois, Comédie-Française
Other Authors: Didot, Jules, 1794-1871 (Printer), Doucet, Camille, 1812-1895
Format: Book
Language:French
Published: Paris : Imprimerie normale de Jules Didot l'ainé, [1821?]

MARC

Tag First Indicator Second Indicator Subfields
LEADER 00000cam a2200000Ii 4500
001 in00003524521
005 20170928140005.0
008 151030s1821 fr 000 0 fre d
035 |a (OCoLC)ocn927177213 
035 |a (OCoLC)927177213 
040 |a TXA  |b eng  |e rda  |c TXA  |d UtOrBLW 
049 |a TXAM 
090 |a PQ1222  |b .D68 1842 no. 1 
100 1 |a Étienne, Charles-Guillaume,  |d 1777-1845.  |0 http://id.loc.gov/authorities/names/n82001236 
245 1 3 |a La jeune femme colère :  |b comédie en un acte et en prose /  |c par M. Étienne. 
246 1 |i Binder's title:  |a Répertoire dramatique.  |p Comédies.  |n [no. 1] 
264 1 |a Paris :  |b Imprimerie normale de Jules Didot l'ainé,  |c [1821?] 
300 |a pages [85]-99 ;  |c 27 cm 
336 |a text  |b txt  |2 rdacontent 
337 |a unmediated  |b n  |2 rdamedia 
338 |a volume  |b nc  |2 rdacarrier 
500 |a This item is number 7 in a volume of 17 theatrical plays bound together with spine title: Répertoire dramatique. Comédies. 
500 |a Ex libris: "Bibliotheque Camille Doucet"--cover, page [2]. 
500 |a Caption title. 
500 |a "Représentée à Paris, sur le théâtre Louvois, le 20 octobre 1804, et reprise par les comédiens ordinaires du Roi, sur le Théâtre Français, le 28 septembre 1821"--Page [85]. 
500 |a Printed in double columns. 
700 1 |a Didot, Jules,  |d 1794-1871,  |e printer.  |0 http://id.loc.gov/authorities/names/no2003114310 
700 1 |a Doucet, Camille,  |d 1812-1895.  |0 http://id.loc.gov/authorities/names/nr99034744 
710 2 |a Théâtre Louvois.  |0 http://id.loc.gov/authorities/names/no90024880 
710 2 |a Comédie-Française.  |0 http://id.loc.gov/authorities/names/n50052276 
994 |a C0  |b TXA 
999 f f |s 148c4541-3b12-30e6-9601-83c5f289dcb8  |i 4a93bdb2-8120-3056-9368-8c26505954a5  |t 0 
952 f f |p noncirc  |a Texas A&M University  |b College Station  |c Cushing Memorial Library & Archives  |d Cushing: Dawson French (Does not check out)  |t 0  |e PQ1222 .D68 1842 no. 1  |h Library of Congress classification  |i unmediated -- volume 
998 f f |a PQ1222 .D68 1842 no. 1  |t 0  |l Cushing: Dawson French (Does not check out)